000 00578nam a2200205Ia 4500
005 20250508170015.0
008 008 250505s9999 xx 000 0 hin d
020 _a81-7138-025-5
037 _aTextual
040 _aFEDL
_beng
_cFEDL
041 _ahin
_2eng
084 _a305.42, GEE
_qFEDL
100 _aGeetashri
245 0 _aSapanon ki mandi: Aadivasi ladkiyon ki taskari per pramanik shodh
260 _aNew Delhi, India
_bVani Prakashan
_c2015
300 _a163p.
365 _aINR
_b250
942 _cTEXL
_h305.42, GEE
999 _c1398649
_d1398649